| 000 | 00884nam a2200241 a 4500 | ||
|---|---|---|---|
| 001 | BRL_364 | ||
| 005 | 20190320210715.0 | ||
| 008 | 050813s1935----mx-aeb####---#000-0#spa-# | ||
| 041 | _aspa | ||
| 044 | _amx | ||
| 050 | 4 |
_aF1219.1.T24 _b.T46 1935 |
|
| 245 | 1 | 0 |
_aTenayuca _bestudio arqueológico de la pirámide de este lugar, hecho por el Departamento de Monumentos de la Secretaría de Educación Pública. |
| 260 |
_aMéxico _bTalleres Gráficos del Museo Nacional de Arqueología, Historia y Etnografía _c1935 |
||
| 300 |
_axiii, 350 p. _bil. _c29 cm. |
||
| 500 | _aAu 375 | ||
| 504 | _aBibliografía : p. 345-350 | ||
| 650 | 1 | 4 |
_aIndígenas de México _xAntigüedades _9509 |
| 650 | 1 | 4 |
_aTenayuca (México) _923671 |
| 651 | 4 |
_aTenayuca (Pirámide) _923672 |
|
| 710 | 2 |
_aSecretaría de Educación Pública _bDepartamento de Monumentos _923673 |
|
| 902 | _aGRL | ||
| 942 |
_2lcc _cB |
||
| 999 |
_c9177 _d9177 |
||